| 000 | 00990nam a2200277 i 4500 | ||
|---|---|---|---|
| 001 | 186599 | ||
| 003 | SpMaBN | ||
| 005 | 20230906222713.0 | ||
| 008 | 161205s2011 sp abd |||| |dspa d | ||
| 020 | _a978-84-615-4136-2 | ||
| 080 | _a330.15(5/6=411.21):556 | ||
| 080 | _a351.79(5/6=411.21):628.1 | ||
| 245 | 0 | 3 |
_aEl agua en el mundo árabe _b: percepciones globales y realidades locales / _cHabib Ayeb (dir.). |
| 250 | _a1ª ed. | ||
| 260 |
_aMadrid : _bCasa Árabe-IEAM, _c2011. |
||
| 300 |
_a289 p. : _bil., gráf., mapas ; _c22 cm. |
||
| 490 | 1 | _aBiblioteca de Casa Árabe | |
| 504 | _aReferencias bibliográficas. | ||
| 650 | 7 |
_aRecursos hidráulicos- _zPaíses árabes. _9161398 |
|
| 650 | 7 |
_aGestión del agua. _9142076 |
|
| 700 | 1 |
_aAyeb, Habib. _9161399 |
|
| 710 | 2 |
_aCasa Árabe e Instituto Internacional de Estudios Árabes y del Mundo Musulmán. _9148163 |
|
| 830 | 0 |
_aBiblioteca de Casa Árabe _9191400 |
|
| 852 |
_aES-MaACL _jL-30983 |
||
| 999 |
_c186599 _d186599 |
||